[Event "FICGS class C 000107 email"]
[Site "FICGS email"]
[Date "2009.02.26"]
[Round "1"]
[White "Konig, Paul"]
[Black "Krug, Martin"]
[Result "1-0"]
[WhiteElo "1790"]
[BlackElo "1800"]
[PlyCount "37"]
[EventDate "2009.??.??"]
[EventType "tourn (corr)"]
[EventRounds "4"]
[SourceTitle "Corr 2022"]
[Source "ChessBase"]
[SourceDate "2021.10.24"]
[SourceVersion "1"]
[SourceVersionDate "2021.10.24"]
[SourceQuality "1"]

1. c4 e5 2. Nc3 Bb4 3. Nd5 Be7 4. Nxe7 Qxe7 5. e3 Nf6 6. d3 d5 7. cxd5 Nxd5 8. Nf3 Nc6 9. Be2 0-0 10. a3 Rd8 11. Qc2 Nf6 12. b4 Bf5 13. Bb2 Nd5 14. e4 Ndxb4 15. axb4 Nxb4 16. Qc3 Bg4 17. Ra5 Bxf3 18. Rxe5 Qd6 19. Re8+ 1-0

[Event "FICGS class D 000116 email"]
[Site "FICGS email"]
[Date "2009.02.25"]
[Round "1"]
[White "Kepinski, Janusz"]
[Black "Krug, Martin"]
[Result "1-0"]
[WhiteElo "1639"]
[BlackElo "1800"]
[PlyCount "43"]
[EventDate "2009.??.??"]
[EventType "tourn (corr)"]
[EventRounds "6"]
[SourceTitle "Corr 2022"]
[Source "ChessBase"]
[SourceDate "2021.10.24"]
[SourceVersion "1"]
[SourceVersionDate "2021.10.24"]
[SourceQuality "1"]

1. c4 e5 2. e4 Nc6 3. Nf3 Bc5 4. Nc3 d6 5. d3 Nf6 6. Nd5 Ng4 7. Be3 Nxe3 8. fxe3 0-0 9. Be2 Ne7 10. Qd2 f5 11. exf5 Nxd5 12. cxd5 Rxf5 13. e4 Rf4 14. 0-0-0 a5 15. a4 Qe8 16. d4 Bb4 17. Qc2 Bd7 18. dxe5 dxe5 19. b3 b5 20. axb5 Bxb5 21. Bc4 Bd6 22. Rhe1 1-0

[Event "FICGS theme 0000 email"]
[Site "FICGS email"]
[Date "2009.02.05"]
[Round "1"]
[White "Frame, Jeremy"]
[Black "Krug, Martin"]
[Result "0-1"]
[WhiteElo "1105"]
[BlackElo "1800"]
[PlyCount "30"]
[EventDate "2009.??.??"]
[EventType "swiss (corr)"]
[EventRounds "1"]
[SourceTitle "Corr 2022"]
[Source "ChessBase"]
[SourceDate "2021.10.24"]
[SourceVersion "1"]
[SourceVersionDate "2021.10.24"]
[SourceQuality "1"]

1. e4 e5 2. d4 exd4 3. f4 Nc6 4. Nf3 Bc5 5. c3 dxc3 6. Nxc3 d6 7. Bd3 Nf6 8. Qe2 0-0 9. Be3 Bxe3 10. Qxe3 d5 11. exd5 Re8 12. Ne4 Nxe4 13. Bxe4 Bf5 14. 0-0 Rxe4 15. Qd3 Nb4 0-1

[Event "FICGS theme 0000 email"]
[Site "FICGS email"]
[Date "2009.02.05"]
[Round "1"]
[White "Krug, Martin"]
[Black "Kalchev, Borislav"]
[Result "0-1"]
[WhiteElo "1800"]
[BlackElo "1800"]
[PlyCount "24"]
[EventDate "2009.??.??"]
[EventType "swiss (corr)"]
[EventRounds "1"]
[SourceTitle "Corr 2022"]
[Source "ChessBase"]
[SourceDate "2021.10.24"]
[SourceVersion "1"]
[SourceVersionDate "2021.10.24"]
[SourceQuality "1"]

1. e4 e5 2. d4 exd4 3. f4 Bc5 4. Bd3 Nc6 5. Qh5 Qe7 6. Qg4 Nf6 7. Qe2 d5 8. e5 Ng4 9. a3 0-0 10. b4 Bb6 11. Nf3 f6 12. b5 Ncxe5 0-1

[Event "FICGS theme 0000 email"]
[Site "FICGS email"]
[Date "2009.02.05"]
[Round "1"]
[White "Sternik, Ryszard"]
[Black "Krug, Martin"]
[Result "1-0"]
[WhiteElo "1817"]
[BlackElo "1800"]
[PlyCount "119"]
[EventDate "2009.??.??"]
[EventType "swiss (corr)"]
[EventRounds "1"]
[SourceTitle "Corr 2022"]
[Source "ChessBase"]
[SourceDate "2021.10.24"]
[SourceVersion "1"]
[SourceVersionDate "2021.10.24"]
[SourceQuality "1"]

1. e4 e5 2. d4 exd4 3. f4 Nc6 4. Bc4 Nf6 5. e5 d5 6. Bb5 Ne4 7. Nf3 Bc5 8. Nbd2 Bb6 9. Qe2 Bf5 10. Bd3 Nb4 11. Nb3 c5 12. a3 Nc6 13. Ng5 c4 14. Bxe4 Bxe4 15. Nxe4 dxe4 16. Qxc4 Rc8 17. Qe2 Qd5 18. Nd2 d3 19. Qxe4 Nd4 20. Qxd5 Nxc2+ 21. Kf1 Ne3+ 22. Kf2 Nxd5+ 23. Kf3 Ke7 24. Ne4 f6 25. exf6+ Nxf6 26. Re1 Nxe4 27. Rxe4+ Kf7 28. Be3 Rc2 29. Bxb6 axb6 30. Rd4 Re8 31. Rxd3 Ree2 32. g3 h5 33. h4 Ke6 34. Rf1 Rxb2 35. Rd8 Kf7 36. Rd7+ Re7 37. Rxe7+ Kxe7 38. Re1+ Kd6 39. f5 Rb3+ 40. Kf4 Rxa3 41. Re6+ Kd7 42. Rg6 Ke8 43. Rxg7 b5 44. Rxb7 Ra4+ 45. Kg5 Rg4+ 46. Kxh5 Rxg3 47. Kh6 Rg4 48. h5 b4 49. Kh7 Rf4 50. h6 Rxf5 51. Kg6 Rf4 52. h7 Rh4 53. Rb5 Ke7 54. Rh5 Rxh5 55. Kxh5 Kd6 56. h8Q Kd5 57. Qb2 Kc4 58. Kg4 Kb5 59. Qb3 Kc5 60. Kf4 1-0